Outline of basic statistics : dictionary and formulas

Αποθηκεύτηκε σε:
Λεπτομέρειες βιβλιογραφικής εγγραφής
Κύριος συγγραφέας: Freund, John E.
Άλλοι συγγραφείς: Williams, Frank Jefferson
Μορφή: Βιβλίο
Γλώσσα:English
Δημοσίευση: New York : McGraw-Hill, c1966
Θέματα:
Ετικέτες: Προσθήκη ετικέτας
Δεν υπάρχουν, Καταχωρήστε ετικέτα πρώτοι!

MARC

LEADER 00000nam a2200000 i 4500
001 1/29764
008 130520s1966 eng d
020 |a 978-0-486-47769-5 
035 |l 10114439 
040 |a GR-MY-UA  |b gre  |e aacr 
041 0 |a eng 
082 0 |a 519.503  |2 (22) 
100 1 |a Freund, John E. 
245 1 0 |a Outline of basic statistics :  |b dictionary and formulas /  |c John E. Freund, Frank J. Williams 
260 |a New York :   |b McGraw-Hill,   |c c1966 
504 |a Περιλαμβάνει βιβλιογραφία 
650 0 0 |a Statistics  |x Dictionaries. 
700 1 |a Williams, Frank Jefferson. 
852 |a INST  |b CHIOS  |e 20130520  |h 519.503 FRE  |p 005200035314  |q 005200035314  |t REF  |y 23 
901 |a BIBL2-2013-2 
909 |a Χ  |b 177210 
922 |a 2ΕΛΗ  |b 201210  |c ΤΑΚ/ΤΜΟΔ  |d ΙΩΑΝΝΙΔΟΥ 
970 |z 2013/05/20